Jazyková čítanka německých textů pro posluchače filologického směru (zejména pro bohemisty a slavisty) : určeno pro posl. fak. fil. /

Hlavní autor: Nováková, Eliška, 1911-2013
Korporativní autor: Univerzita Karlova. Filozofická fakulta
Další autoři: Urbanová, Anna, 1912-2004
Jazyk: Němčina
Čeština
Vydáno: Praha : SPN, 1964
Vydání: Dotisk [2., přeprac.] vyd.
Edice: Učební texty vysokých škol
Témata:
Fyzický popis: 140 s. ; 4°
Knihy
Uloženo v:
LEADER 01155nam a22002772a 4500
001 000770657
003 CZ BrMZK
005 20061030070155.0
007 ta
008 050414s1964 xr er|||||||||||ger d
040 |a ABA001  |b cze  |c OSA001  |d ABA001 
041 0 |a cze  |a ger 
100 1 |a Nováková, Eliška,  |d 1911-2013  |7 jk01090571  |4 aut 
245 1 0 |a Jazyková čítanka německých textů pro posluchače filologického směru (zejména pro bohemisty a slavisty) :  |b určeno pro posl. fak. fil. /  |c autoři: E. Nováková, A. Urbanová 
250 |a Dotisk [2., přeprac.] vyd. 
260 |a Praha :  |b SPN,  |c 1964  |f (KNT 6) 
300 |a 140 s. ;  |c 4° 
490 1 |a Učební texty vysokých škol 
500 |a Vyd. Karlova univ. v Praze 
700 1 |a Urbanová, Anna,  |d 1912-2004  |7 jk01140888  |4 aut 
710 2 |a Univerzita Karlova.  |b Filozofická fakulta  |7 kn20010710340 
810 2 |a Univerzita Karlova.  |b Filozofická fakulta.  |t Učební texty  |0 s 
910 |a BOA001  |b PK-N-0002.890-64 
964 |a Němčina - čítanky - fakulty filozofické 
990 |a BK 
996 6 |b BC-195478  |c PK-N-0002.890-64  |l MZK  |r Sklad / do 1 hodiny  |n 0  |w 000770657  |u 000010  |a 1  |e BOA001  |j MZK50  |s P